[Event "PCR_ZK06"]
[Site "?"]
[Date "2009.??.??"]
[Round "?"]
[White "Lucan, Zdenko"]
[Black "Pressl, Ladislav"]
[Result "1/2-1/2"]
[WhiteElo "1587"]
[BlackElo "1887"]
[PlyCount "84"]
[EventDate "2009.??.??"]
[EventType "corr"]
[EventRounds "2"]

1. Nf3 Nf6 2. g3 g6 3. Bg2 Bg7 4. d3 d6 5. Nc3 Nc6 6. O-O e5 7. Bg5 O-O 8. Nd5
h6 9. Bxf6 Bxf6 10. Nxf6+ Qxf6 11. e3 Re8 12. c3 Bd7 13. e4 a5 14. h4 Bg4 15.
a3 b5 16. b3 Rad8 17. Nh2 Bxd1 18. Rfxd1 b4 19. axb4 axb4 20. Ng4 Qg7 21. Rac1
Nd4 22. cxd4 h5 23. Nh2 g5 24. hxg5 Re7 25. d5 Qxg5 26. Nf3 Qg4 27. Nh2 Qe2 28.
Bf3 Qa2 29. Rb1 Ra8 30. Bxh5 Ra3 31. Nf1 Rxb3 32. Ra1 Qc2 33. Ne3 Qc3 34. Rdc1
Qxd3 35. Bf3 Rb2 36. Rd1 Qb3 37. Re1 Ra2 38. Reb1 Rxa1 39. Rxa1 Kh7 40. Kg2 Qc3
41. Rh1+ Kg8 42. Ng4 Rd7 1/2-1/2

[Event "PCR_ZK06"]
[Site "?"]
[Date "2009.??.??"]
[Round "?"]
[White "Lucan, Zdenko"]
[Black "Ptacek, Jiri"]
[Result "0-1"]
[WhiteElo "1587"]
[BlackElo "1737"]
[PlyCount "80"]
[EventDate "2009.??.??"]
[EventType "corr"]
[EventRounds "2"]

1. e4 e6 2. Nf3 d5 3. e5 c5 4. d4 c4 5. c3 Ne7 6. Bg5 Qb6 7. b3 cxb3 8. Qxb3
Qc7 9. Bd3 Ng6 10. Bxg6 fxg6 11. Nbd2 Be7 12. Bxe7 Qxe7 13. Qb4 Qc7 14. O-O Nc6
15. Qd6 Qe7 16. Qxe7+ Nxe7 17. c4 O-O 18. c5 Nc6 19. a3 b6 20. cxb6 axb6 21.
Rfc1 Na5 22. Rcb1 Ra6 23. Rb5 Bd7 24. Rb2 b5 25. Rab1 Rfa8 26. Ne1 Nc4 27. Nxc4
bxc4 28. Nc2 Ba4 29. Rb8+ Rxb8 30. Rxb8+ Kf7 31. Rb7+ Kf8 32. Nb4 Ra8 33. Rc7
Be8 34. Nc2 g5 35. g4 Bg6 36. Ne3 Rxa3 37. Rc8+ Be8 38. Kg2 Rd3 39. Kf1 Rxd4
40. f3 Rd2 0-1

[Event "PCR_ZK06"]
[Site "?"]
[Date "2009.??.??"]
[Round "?"]
[White "Lucan, Zdenko"]
[Black "Vins, Karel"]
[Result "1/2-1/2"]
[WhiteElo "1587"]
[BlackElo "1703"]
[PlyCount "66"]
[EventDate "2009.??.??"]
[EventType "corr"]
[EventRounds "2"]

1. b3 d5 2. Bb2 c5 3. e3 Nc6 4. Bb5 Qc7 5. Nf3 f6 6. h3 e5 7. d3 a6 8. Bxc6+
Qxc6 9. Nbd2 Bd6 10. O-O Ne7 11. e4 d4 12. c4 Be6 13. Nh2 h5 14. Ndf3 Qd7 15.
Kh1 g5 16. Qe2 Ng6 17. Bc1 g4 18. Ng1 gxh3 19. gxh3 Nf4 20. Bxf4 exf4 21. Qf3
O-O-O 22. Rfe1 Rdg8 23. Ne2 Qc7 24. Rg1 Bf7 25. Rxg8+ Rxg8 26. Rg1 Rxg1+ 27.
Nxg1 Be8 28. h4 f5 29. Qh3 Qf7 30. f3 Bd7 31. Qg2 fxe4 32. fxe4 Kc7 33. Nhf3
Bg4 1/2-1/2

[Event "PCR_ZK06"]
[Site "?"]
[Date "2009.??.??"]
[Round "?"]
[White "Lucan, Zdenko"]
[Black "Vlacil, Vladimir"]
[Result "0-1"]
[WhiteElo "1587"]
[BlackElo "1987"]
[PlyCount "46"]
[EventDate "2009.??.??"]
[EventType "corr"]
[EventRounds "2"]

1. Nf3 Nf6 2. g3 g6 3. Bg2 Bg7 4. Nc3 d5 5. e3 c5 6. d3 Nc6 7. a3 e5 8. h3 O-O
9. O-O a6 10. Nh2 Be6 11. f4 Rc8 12. e4 dxe4 13. dxe4 exf4 14. Qxd8 Rfxd8 15.
Bxf4 Nd4 16. e5 Nd5 17. Nxd5 Bxd5 18. Bxd5 Rxd5 19. Rf2 Re8 20. Ng4 h5 21. c3
Nb3 22. Rb1 hxg4 23. Rd1 Rxd1+ 0-1

[Event "PCR_ZK06"]
[Site "?"]
[Date "2009.??.??"]
[Round "?"]
[White "Pressl, Ladislav"]
[Black "Kubacek, Josef"]
[Result "0-1"]
[WhiteElo "1887"]
[BlackElo "1600"]
[PlyCount "58"]
[EventDate "2009.??.??"]
[EventType "corr"]
[EventRounds "2"]

1. e4 e5 2. Nf3 Nc6 3. Bb5 a6 4. Bxc6 dxc6 5. d4 exd4 6. Qxd4 Qe7 7. O-O f6 8.
e5 c5 9. Qf4 Be6 10. Rd1 Rd8 11. Rxd8+ Kxd8 12. Be3 Qf7 13. Nc3 g5 14. Qg3 g4
15. Nd2 h5 16. Nde4 h4 17. Qf4 Bh6 18. Ng5 fxg5 19. Qe4 Kc8 20. Bxc5 Rh7 21.
Re1 Rg7 22. Qa4 Bd7 23. Qa5 Bc6 24. Qb4 Qe6 25. a3 Rf7 26. Re3 Rd7 27. Bd4 Rf7
28. Ne4 Rf4 29. f3 gxf3 0-1

[Event "PCR_ZK06"]
[Site "?"]
[Date "2009.??.??"]
[Round "?"]
[White "Pressl, Ladislav"]
[Black "Lucan, Zdenko"]
[Result "1-0"]
[WhiteElo "1887"]
[BlackElo "1587"]
[PlyCount "51"]
[EventDate "2009.??.??"]
[EventType "corr"]
[EventRounds "2"]

1. e4 c6 2. d4 d5 3. exd5 cxd5 4. c4 dxc4 5. Bxc4 Nf6 6. Nf3 Nc6 7. O-O e6 8.
Nc3 Be7 9. Bg5 O-O 10. Rc1 a6 11. a3 Bd7 12. Bxf6 Bxf6 13. Ne4 Be7 14. d5 exd5
15. Bxd5 h6 16. Qb3 Rb8 17. Rfd1 Na5 18. Qa2 Qe8 19. Ne5 Be6 20. Bxe6 fxe6 21.
Qxe6+ Rf7 22. Nxf7 Qxf7 23. Qxf7+ Kxf7 24. Rc7 Re8 25. Nd6+ Kf8 26. Nxe8 1-0

[Event "PCR_ZK06"]
[Site "?"]
[Date "2009.??.??"]
[Round "?"]
[White "Pressl, Ladislav"]
[Black "Ptacek, Jiri"]
[Result "1-0"]
[WhiteElo "1887"]
[BlackElo "1737"]
[PlyCount "65"]
[EventDate "2009.??.??"]
[EventType "corr"]
[EventRounds "2"]

1. e4 e6 2. d4 d5 3. Nc3 Bb4 4. exd5 exd5 5. Bd3 Ne7 6. Bg5 Qd6 7. Qe2 Bxc3+ 8.
bxc3 Qe6 9. Bxe7 Qxe7 10. Qxe7+ Kxe7 11. Kd2 g6 12. Re1+ Be6 13. Rb1 b6 14. Re1
Kf6 15. Nf3 Nd7 16. Re3 c5 17. Rhe1 c4 18. Be2 Rhe8 19. Ne5 Nxe5 20. Rxe5 Re7
21. f4 h5 22. f5 gxf5 23. Bxh5 Rh8 24. Bf3 Rxh2 25. Bxd5 Rc7 26. Bf3 Bc8 27.
Re8 Bd7 28. R8e7 Rh1 29. Rxd7 Rxd7 30. Rxh1 Ke7 31. Ke3 Rd6 32. Kf4 Rc6 33.
Bxc6 1-0

[Event "PCR_ZK06"]
[Site "?"]
[Date "2009.??.??"]
[Round "?"]
[White "Pressl, Ladislav"]
[Black "Vins, Karel"]
[Result "1/2-1/2"]
[WhiteElo "1887"]
[BlackElo "1703"]
[PlyCount "90"]
[EventDate "2009.??.??"]
[EventType "corr"]
[EventRounds "2"]

1. e4 c5 2. Nf3 d6 3. d4 cxd4 4. Nxd4 Nf6 5. Nc3 a6 6. Be2 e6 7. O-O Be7 8. f4
g6 9. Be3 Nc6 10. Qd2 e5 11. Nxc6 bxc6 12. fxe5 dxe5 13. Qxd8+ Bxd8 14. Bc5 Nd7
15. Bd6 Be7 16. Rad1 Bxd6 17. Rxd6 Bb7 18. Bc4 Rf8 19. Bxf7+ Ke7 20. Rfd1 Rad8
21. Be6 Nb8 22. Rxd8 Rxd8 23. Rxd8 Kxd8 24. Bg8 h6 25. Bf7 g5 26. Kf2 Ke7 27.
Bc4 Nd7 28. Ke3 Nf6 29. h3 c5 30. Be2 Kd6 31. g4 Nd7 32. a3 a5 33. Bf1 Nb6 34.
Bb5 Bc6 35. Bd3 c4 36. Bf1 Kc5 37. Ne2 Bd7 38. Ng3 Be6 39. Nf5 Bxf5 40. gxf5
Nd7 41. b3 cxb3 42. cxb3 Kc6 43. b4 axb4 44. axb4 Nf6 45. Be2 Nd7 1/2-1/2

[Event "PCR_ZK06"]
[Site "?"]
[Date "2009.??.??"]
[Round "?"]
[White "Pressl, Ladislav"]
[Black "Vlacil, Vladimir"]
[Result "1/2-1/2"]
[WhiteElo "1887"]
[BlackElo "1987"]
[PlyCount "71"]
[EventDate "2009.??.??"]
[EventType "corr"]
[EventRounds "2"]

1. d4 Nf6 2. c4 e6 3. Nc3 Bb4 4. Qc2 d5 5. cxd5 exd5 6. Bg5 h6 7. Bxf6 Qxf6 8.
a3 Bxc3+ 9. Qxc3 O-O 10. e3 Bf5 11. Qb3 Qb6 12. Qxb6 axb6 13. Rc1 c6 14. Nf3
Nd7 15. Be2 Ra5 16. O-O b5 17. Rc3 Nb6 18. Rfc1 Na4 19. Rb3 Re8 20. h3 Kf8 21.
Kh2 f6 22. Kg3 Ke7 23. Kf4 Bh7 24. Kg3 Kd6 25. Nd2 Re7 26. h4 Ra8 27. Bf3 Bg6
28. h5 Bh7 29. Kf4 Rae8 30. g4 Nb6 31. Rbc3 Nc4 32. Nxc4+ bxc4 33. Bd1 b5 34.
b3 c5 35. dxc5+ Kxc5 36. f3 1/2-1/2

[Event "PCR_ZK06"]
[Site "?"]
[Date "2009.??.??"]
[Round "?"]
[White "Ptacek, Jiri"]
[Black "Kubacek, Josef"]
[Result "0-1"]
[WhiteElo "1737"]
[BlackElo "1600"]
[PlyCount "82"]
[EventDate "2009.??.??"]
[EventType "corr"]
[EventRounds "2"]

1. c4 g5 2. g4 h5 3. e4 Bg7 4. d4 Nf6 5. gxh5 Nxe4 6. Bg2 Nxf2 7. Kxf2 c5 8.
Ne2 Qb6 9. dxc5 Qxc5+ 10. Be3 Qxc4 11. Bd4 Bxd4+ 12. Qxd4 Qxd4+ 13. Nxd4 Rxh5
14. Nb5 Kd8 15. Nd2 a6 16. Nc3 d6 17. Kg3 Nc6 18. Rhf1 f5 19. h3 Be6 20. Bxc6
bxc6 21. Rf3 Kd7 22. b3 Rah8 23. Rh1 g4 24. Re3 Rxh3+ 25. Rxh3 Rxh3+ 26. Kf2
Rxe3 27. Kxe3 Bf7 28. Kf4 e6 29. Ne2 Be8 30. Ng3 Ke7 31. Nc4 Bd7 32. a3 Kf6 33.
Nh5+ Kg6 34. Ng3 e5+ 35. Nxe5+ dxe5+ 36. Kxe5 Kg5 37. Ne2 c5 38. Ng3 a5 39. Ne2
Bc6 40. Ng1 f4 41. Ne2 f3 0-1

[Event "PCR_ZK06"]
[Site "?"]
[Date "2009.??.??"]
[Round "?"]
[White "Ptacek, Jiri"]
[Black "Lucan, Zdenko"]
[Result "1-0"]
[WhiteElo "1737"]
[BlackElo "1587"]
[PlyCount "59"]
[EventDate "2009.??.??"]
[EventType "corr"]
[EventRounds "2"]

1. c4 e5 2. e4 Nf6 3. d3 Be7 4. Nf3 c5 5. Nxe5 d6 6. Nf3 Nc6 7. Be2 h6 8. h3 b6
9. O-O O-O 10. Nc3 Nh7 11. Nd5 Nd4 12. Nxe7+ Qxe7 13. Nxd4 cxd4 14. b3 Bb7 15.
Bb2 Qe5 16. f4 Qf6 17. Qe1 Rfe8 18. Qf2 g5 19. Bxd4 Qe7 20. fxg5 Nxg5 21. Bf6
Nxh3+ 22. gxh3 Qf8 23. Bg4 Bc8 24. Qg2 Kh7 25. Rf4 Qg8 26. Kh2 Qg6 27. Raf1 Rg8
28. Qf3 Bxg4 29. Rxg4 Qxg4 30. hxg4 1-0

[Event "PCR_ZK06"]
[Site "?"]
[Date "2009.??.??"]
[Round "?"]
[White "Ptacek, Jiri"]
[Black "Pressl, Ladislav"]
[Result "1/2-1/2"]
[WhiteElo "1737"]
[BlackElo "1887"]
[PlyCount "66"]
[EventDate "2009.??.??"]
[EventType "corr"]
[EventRounds "2"]

1. c4 Nf6 2. Nc3 e6 3. e4 d6 4. d4 Be7 5. Bd3 e5 6. d5 O-O 7. h3 c6 8. Bg5 Nxd5
9. Bxe7 Nxe7 10. Nge2 Qb6 11. b3 Be6 12. O-O Nd7 13. Na4 Qc7 14. f4 f5 15. exf5
Nxf5 16. Qd2 Rae8 17. Nac3 Qb6+ 18. Kh2 Qe3 19. Qxe3 Nxe3 20. Rf3 Nf5 21. Bxf5
Bxf5 22. g4 e4 23. Re3 Bg6 24. f5 Bf7 25. Rxe4 Nf6 26. Rxe8 Rxe8 27. Nf4 Re3
28. Rc1 h6 29. Ng2 Rd3 30. Rc2 g6 31. Nf4 Rf3 32. Nxg6 Bxg6 33. fxg6 Kg7
1/2-1/2

[Event "PCR_ZK06"]
[Site "?"]
[Date "2009.??.??"]
[Round "?"]
[White "Ptacek, Jiri"]
[Black "Vins, Karel"]
[Result "1/2-1/2"]
[WhiteElo "1737"]
[BlackElo "1703"]
[PlyCount "76"]
[EventDate "2009.??.??"]
[EventType "corr"]
[EventRounds "2"]

1. c4 e5 2. Nc3 Nf6 3. e4 c5 4. d3 Nc6 5. Nf3 h6 6. Be2 d6 7. h3 Be7 8. O-O a6
9. a3 O-O 10. Nh2 Nh7 11. f4 f5 12. Nd5 Nd4 13. Nxe7+ Qxe7 14. exf5 Bxf5 15.
Be3 exf4 16. Bxd4 cxd4 17. Rxf4 Qe3+ 18. Rf2 Ng5 19. Nf3 Rf7 20. Nxg5 Qxg5 21.
Rf3 Re8 22. Qc2 Bd7 23. Rxf7 Kxf7 24. Rf1+ Kg8 25. Rf3 Qe7 26. Bf1 Rf8 27. Qf2
Rxf3 28. Qxf3 Bc6 29. Qe2 Qxe2 30. Bxe2 Kf7 31. Kf2 Kf6 32. g3 Ke5 33. b3 g6
34. Bg4 b6 35. Ke1 a5 36. Kf2 d5 37. h4 dxc4 38. bxc4 b5 1/2-1/2

[Event "PCR_ZK06"]
[Site "?"]
[Date "2009.??.??"]
[Round "?"]
[White "Ptacek, Jiri"]
[Black "Vlacil, Vladimir"]
[Result "0-1"]
[WhiteElo "1737"]
[BlackElo "1987"]
[PlyCount "66"]
[EventDate "2009.??.??"]
[EventType "corr"]
[EventRounds "2"]

1. c4 Nf6 2. Nc3 g6 3. e4 d6 4. d4 Bg7 5. Bd3 O-O 6. Nge2 e5 7. d5 Nh5 8. O-O
f5 9. exf5 gxf5 10. f3 Na6 11. Be3 Nc5 12. b4 Nxd3 13. Qxd3 a5 14. bxa5 Rxa5
15. a4 b6 16. Ra2 Bd7 17. Ng3 Nxg3 18. hxg3 Qa8 19. Qc2 Qa7 20. Nb5 Qb7 21. Bd2
Ra6 22. Bc3 Rf6 23. Kf2 c6 24. dxc6 Qxc6 25. Ba1 Qc5+ 26. Ke2 Rg6 27. g4 fxg4
28. f4 exf4 29. Bxg7 f3+ 30. gxf3 gxf3+ 31. Kxf3 Bg4+ 32. Ke4 Rxg7 33. Kf4 Qe5#
0-1

[Event "PCR_ZK06"]
[Site "?"]
[Date "2009.??.??"]
[Round "?"]
[White "Vins, Karel"]
[Black "Kubacek, Josef"]
[Result "1-0"]
[WhiteElo "1703"]
[BlackElo "1600"]
[PlyCount "51"]
[EventDate "2009.??.??"]
[EventType "corr"]
[EventRounds "2"]

1. e4 e5 2. Nf3 Nc6 3. Bb5 a6 4. Ba4 b5 5. Bb3 f5 6. exf5 d5 7. d3 Bxf5 8. O-O
Be7 9. h3 h6 10. c3 e4 11. dxe4 Bxe4 12. Be3 Na5 13. Bc2 Nf6 14. Bxe4 Nxe4 15.
Nbd2 Nxd2 16. Nxd2 O-O 17. b3 c5 18. Qg4 Kh7 19. Nf3 Qd6 20. Rad1 Nc6 21. Rfe1
Rad8 22. Bc1 b4 23. cxb4 Nxb4 24. a3 Nc6 25. Re6 Qc7 26. Qg6+ 1-0

[Event "PCR_ZK06"]
[Site "?"]
[Date "2009.??.??"]
[Round "?"]
[White "Vins, Karel"]
[Black "Lucan, Zdenko"]
[Result "1/2-1/2"]
[WhiteElo "1703"]
[BlackElo "1587"]
[PlyCount "65"]
[EventDate "2009.??.??"]
[EventType "corr"]
[EventRounds "2"]

1. e4 e5 2. Nf3 Nc6 3. Bb5 a6 4. Ba4 Nf6 5. O-O Be7 6. Re1 h6 7. h3 O-O 8. c3
b5 9. Bc2 b4 10. d4 exd4 11. Nxd4 bxc3 12. Nxc3 Nxd4 13. Qxd4 c5 14. Qd3 d6 15.
Nd5 Nxd5 16. exd5 f5 17. Bd2 a5 18. Bc3 Ra7 19. Re3 Bf6 20. Rae1 Bxc3 21. Qxc3
Bb7 22. Bb3 Ba8 23. Qd2 Qf6 24. Re6 Qd4 25. Qxd4 cxd4 26. Rxd6 a4 27. Bc4 Rc7
28. b3 axb3 29. axb3 Bb7 30. Rb6 Kh8 31. Rbe6 Rd7 32. R6e5 Rfd8 33. Re8+
1/2-1/2

[Event "PCR_ZK06"]
[Site "?"]
[Date "2009.??.??"]
[Round "?"]
[White "Vins, Karel"]
[Black "Pressl, Ladislav"]
[Result "0-1"]
[WhiteElo "1703"]
[BlackElo "1887"]
[PlyCount "84"]
[EventDate "2009.??.??"]
[EventType "corr"]
[EventRounds "2"]

1. e4 e5 2. Nf3 Nf6 3. Nxe5 d6 4. Nf3 Nxe4 5. Qe2 Qe7 6. d3 Nf6 7. Qxe7+ Bxe7
8. d4 O-O 9. Be3 Re8 10. Bd3 Bg4 11. Nbd2 Nd5 12. O-O Nb4 13. Rfc1 Nxd3 14.
cxd3 c6 15. Ne1 Be2 16. f3 Bh4 17. Bf2 Bg5 18. Rc2 d5 19. Nb3 Na6 20. a3 Re7
21. Nc1 Rae8 22. b4 Bd1 23. Rca2 Rxe1+ 24. Bxe1 Rxe1+ 25. Kf2 Re6 26. Ne2 Be3+
27. Kf1 Bxe2+ 28. Rxe2 Bxd4 29. Rb1 Rxe2 30. Kxe2 Nc7 31. a4 Ne6 32. g3 a6 33.
b5 cxb5 34. axb5 axb5 35. Rxb5 b6 36. Rxd5 Kf8 37. Rd7 Ke8 38. Rd5 Ke7 39. f4
Bc5 40. Kd2 g6 41. Re5 Kd6 42. Re1 Bb4+ 0-1

[Event "PCR_ZK06"]
[Site "?"]
[Date "2009.??.??"]
[Round "?"]
[White "Vins, Karel"]
[Black "Ptacek, Jiri"]
[Result "1/2-1/2"]
[WhiteElo "1703"]
[BlackElo "1737"]
[PlyCount "71"]
[EventDate "2009.??.??"]
[EventType "corr"]
[EventRounds "2"]

1. d4 d5 2. c4 dxc4 3. Nf3 Nf6 4. e3 e6 5. Nc3 c5 6. Bxc4 cxd4 7. Nxd4 a6 8.
O-O Bd6 9. Be2 O-O 10. Bf3 Qc7 11. g3 Be5 12. Nde2 Rd8 13. Qc2 Bxc3 14. Qxc3
Qxc3 15. Nxc3 Nc6 16. Bxc6 bxc6 17. b3 Bb7 18. Bb2 Nd5 19. Rad1 Nxc3 20. Bxc3
f5 21. Rd2 Rxd2 22. Bxd2 Rd8 23. Bc1 Kf7 24. f4 h6 25. Re1 Rd5 26. Kf2 Rd7 27.
h4 g6 28. Re2 Rd1 29. Ba3 Kf6 30. Bc5 e5 31. b4 Ke6 32. a4 e4 33. a5 Kf6 34.
Bd4+ Ke6 35. Bc3 Rd8 36. Ke1 1/2-1/2

[Event "PCR_ZK06"]
[Site "?"]
[Date "2009.??.??"]
[Round "?"]
[White "Vins, Karel"]
[Black "Vlacil, Vladimir"]
[Result "0-1"]
[WhiteElo "1703"]
[BlackElo "1987"]
[PlyCount "56"]
[EventDate "2009.??.??"]
[EventType "corr"]
[EventRounds "2"]

1. d4 Nf6 2. c4 e6 3. Nc3 Bb4 4. Qc2 d5 5. cxd5 exd5 6. Qa4+ Nc6 7. e3 Bd7 8.
Qc2 Qe7 9. Bd3 Nxd4 10. Qd1 Nb5 11. Bd2 Nxc3 12. Bxc3 Bxc3+ 13. bxc3 O-O 14.
Ne2 c5 15. O-O Bc6 16. Ng3 Qe5 17. Rc1 Rad8 18. Qc2 h6 19. Rfe1 Rfe8 20. h3 Qg5
21. Bf1 Ne4 22. Nxe4 Rxe4 23. Rcd1 Ba4 24. Qb2 Bxd1 25. Rxd1 b6 26. Qa3 Qe7 27.
Qc1 Re6 28. Bc4 dxc4 0-1

[Event "PCR_ZK06"]
[Site "?"]
[Date "2009.??.??"]
[Round "?"]
[White "Vlacil, Vladimir"]
[Black "Kubacek, Josef"]
[Result "1/2-1/2"]
[WhiteElo "1987"]
[BlackElo "1887"]
[PlyCount "71"]
[EventDate "2009.??.??"]
[EventType "corr"]
[EventRounds "2"]

1. e4 e5 2. Nf3 Nc6 3. Bb5 a6 4. Ba4 b5 5. Bb3 f5 6. d4 exd4 7. Nxd4 Nxd4 8.
Qxd4 Bb7 9. Bd5 c6 10. Bxg8 Rxg8 11. Qe5+ Qe7 12. Qxf5 g6 13. Qf4 d5 14. Nd2
Bg7 15. O-O d4 16. Nf3 Rf8 17. Qh4 Qxh4 18. Nxh4 c5 19. g3 Bf6 20. Ng2 g5 21.
e5 Be7 22. f4 h6 23. Re1 a5 24. Bd2 a4 25. h3 b4 26. Kh2 c4 27. g4 gxf4 28.
Nxf4 Bg5 29. Kg3 h5 30. h4 Bxf4+ 31. Bxf4 hxg4 32. Kxg4 Bc8+ 33. Kg3 Bf5 34.
Rad1 Rd8 35. Bg5 Rd5 36. Rd2 1/2-1/2

[Event "PCR_ZK06"]
[Site "?"]
[Date "2009.??.??"]
[Round "?"]
[White "Vlacil, Vladimir"]
[Black "Lucan, Zdenko"]
[Result "1-0"]
[WhiteElo "1987"]
[BlackElo "1587"]
[PlyCount "57"]
[EventDate "2009.??.??"]
[EventType "corr"]
[EventRounds "2"]

1. e4 e5 2. Nf3 Nc6 3. Bb5 a6 4. Ba4 Nf6 5. O-O Nxe4 6. d4 Be7 7. Re1 Nc5 8.
dxc5 Bxc5 9. Bxc6 bxc6 10. Rxe5+ Be7 11. Qe1 d6 12. Re2 h6 13. Nd4 Bd7 14. Nc3
c5 15. Nd5 cxd4 16. Nxe7 Be6 17. Ng6 fxg6 18. Rxe6+ Kd7 19. Bd2 Re8 20. Rxe8
Qxe8 21. Qxe8+ Rxe8 22. Kf1 c5 23. Re1 Rxe1+ 24. Kxe1 h5 25. Ke2 d5 26. Kf3 Ke6
27. Ba5 c4 28. h4 Kf5 29. Bb6 1-0

[Event "PCR_ZK06"]
[Site "?"]
[Date "2009.??.??"]
[Round "?"]
[White "Vlacil, Vladimir"]
[Black "Pressl, Ladislav"]
[Result "1-0"]
[WhiteElo "1987"]
[BlackElo "1887"]
[PlyCount "65"]
[EventDate "2009.??.??"]
[EventType "corr"]
[EventRounds "2"]

1. e4 e5 2. Nf3 Nc6 3. Bb5 a6 4. Ba4 Nf6 5. O-O Be7 6. Bxc6 dxc6 7. d3 Nd7 8.
Nbd2 O-O 9. Nc4 f6 10. Nh4 b5 11. Na5 Nb8 12. Be3 Bb4 13. Nb3 Be6 14. Qe2 Nd7
15. c3 Bd6 16. Nf5 Bxf5 17. exf5 Re8 18. Qf3 c5 19. Nd2 b4 20. c4 Kh8 21. Ne4
a5 22. Qh3 Qe7 23. g4 a4 24. f3 c6 25. Qh5 Bc7 26. h4 a3 27. b3 Rad8 28. g5 Rf8
29. Qg4 fxg5 30. hxg5 Ra8 31. Rf2 Ra5 32. Rh2 Rd8 33. g6 1-0

[Event "PCR_ZK06"]
[Site "?"]
[Date "2009.??.??"]
[Round "?"]
[White "Vlacil, Vladimir"]
[Black "Ptacek, Jiri"]
[Result "1-0"]
[WhiteElo "1987"]
[BlackElo "1737"]
[PlyCount "81"]
[EventDate "2009.??.??"]
[EventType "corr"]
[EventRounds "2"]

1. e4 e6 2. d4 d5 3. Nd2 c5 4. exd5 exd5 5. Ngf3 c4 6. b3 b5 7. a4 Qb6 8. axb5
cxb3 9. Nxb3 Bb4+ 10. Bd2 Bxd2+ 11. Qxd2 Qe6+ 12. Be2 Nf6 13. Nc5 Qd6 14. Qe3+
Be6 15. Ng5 Ke7 16. O-O h6 17. Ngxe6 fxe6 18. Bf3 Nbd7 19. Ra6 Nb6 20. Re1 Kf7
21. Qxe6+ Qxe6 22. Rxe6 Rhc8 23. Re1 Rc7 24. h3 g6 25. Rea1 Ke7 26. Rxb6 axb6
27. Rxa8 bxc5 28. b6 Rc6 29. b7 Nd7 30. Bg4 Rc7 31. b8=Q Nxb8 32. Rxb8 cxd4 33.
Rb4 Rxc2 34. Rxd4 Rc1+ 35. Rd1 Rc5 36. Bf3 Kd6 37. Kh2 g5 38. Kg3 Ke5 39. Rxd5+
Rxd5 40. Bxd5 Kxd5 41. Kg4 1-0

[Event "PCR_ZK06"]
[Site "?"]
[Date "2009.??.??"]
[Round "?"]
[White "Vlacil, Vladimir"]
[Black "Vins, Karel"]
[Result "1-0"]
[WhiteElo "1987"]
[BlackElo "1703"]
[PlyCount "85"]
[EventDate "2009.??.??"]
[EventType "corr"]
[EventRounds "2"]

1. e4 c5 2. c3 d5 3. exd5 Qxd5 4. d4 cxd4 5. cxd4 Nc6 6. Be3 e6 7. Nc3 Qa5 8.
Bd3 g6 9. Nf3 Bg7 10. O-O Nge7 11. Qd2 O-O 12. a3 a6 13. Rad1 Nd5 14. Nxd5 Qxd2
15. Rxd2 exd5 16. Rc1 Be6 17. b4 Rac8 18. Rdc2 Nb8 19. Rc7 Rxc7 20. Rxc7 b5 21.
Ra7 Bc8 22. h3 Rd8 23. Rc7 Be6 24. Bf4 Bc8 25. Be5 f6 26. Rxg7+ Kxg7 27. Bxb8
Bb7 28. Ba7 Rc8 29. Bc5 Bc6 30. Nd2 Re8 31. Kf1 Kf7 32. Nb1 h6 33. Nc3 Ra8 34.
Be2 Ke6 35. Ke1 h5 36. Kd2 f5 37. h4 Rb8 38. a4 bxa4 39. Bxa6 Ra8 40. b5 Bxb5
41. Nxb5 Kd7 42. Na7 a3 43. Kc2 1-0

[Event "PCR_ZK06"]
[Site "?"]
[Date "2009.??.??"]
[Round "?"]
[White "Kubacek, Josef"]
[Black "Lucan, Zdenko"]
[Result "1-0"]
[WhiteElo "1600"]
[BlackElo "1587"]
[PlyCount "61"]
[EventDate "2009.??.??"]
[EventType "corr"]
[EventRounds "2"]

1. b4 e5 2. Bb2 Bxb4 3. Bxe5 f6 4. Bb2 Nc6 5. e4 Be7 6. d4 Nh6 7. f4 Nf7 8. c4
Bb4+ 9. Nd2 O-O 10. Ngf3 d6 11. d5 Bxd2+ 12. Qxd2 Nb8 13. Nd4 Bd7 14. f5 Ne5
15. Ne6 Bxe6 16. fxe6 Ng6 17. Bd3 Ne7 18. O-O c6 19. a3 Qb6+ 20. Kh1 c5 21. Bc3
Qc7 22. Bc2 Na6 23. h4 Ng6 24. h5 Ne7 25. Qd3 Ng6 26. e5 dxe5 27. hxg6 h6 28.
Ba4 Rab8 29. d6 Qa5 30. e7 Qxa4 31. Qd5+ 1-0

[Event "PCR_ZK06"]
[Site "?"]
[Date "2009.??.??"]
[Round "?"]
[White "Kubacek, Josef"]
[Black "Pressl, Ladislav"]
[Result "1-0"]
[WhiteElo "1600"]
[BlackElo "1887"]
[PlyCount "73"]
[EventDate "2009.??.??"]
[EventType "corr"]
[EventRounds "2"]

1. b4 Nf6 2. Bb2 e6 3. b5 d5 4. c4 dxc4 5. e3 Bb4 6. Bxc4 O-O 7. Qa4 Qe7 8. a3
Bd6 9. d4 Bd7 10. Qb3 c6 11. a4 cxb5 12. axb5 Rc8 13. Nf3 Bb4+ 14. Ke2 Be8 15.
Ra4 a5 16. Ba3 Bd6 17. Bxd6 Qxd6 18. Nbd2 b6 19. Ne5 Nbd7 20. f4 Ra7 21. Ra2
Rca8 22. Qa4 Nd5 23. Ne4 Qf8 24. Nd3 N7f6 25. Nxf6+ Nxf6 26. Kf3 Qd6 27. Rc1
Rc7 28. Qb3 Rac8 29. Ra4 Bd7 30. g4 h6 31. h4 Ra7 32. g5 hxg5 33. hxg5 Nh5 34.
Rh1 g6 35. Nf2 f5 36. Nd3 Ng7 37. Ne5 1-0

[Event "PCR_ZK06"]
[Site "?"]
[Date "2009.??.??"]
[Round "?"]
[White "Kubacek, Josef"]
[Black "Ptacek, Jiri"]
[Result "1/2-1/2"]
[WhiteElo "1600"]
[BlackElo "1737"]
[PlyCount "80"]
[EventDate "2009.??.??"]
[EventType "corr"]
[EventRounds "2"]

1. b4 b5 2. a4 c6 3. Bb2 Bb7 4. e3 a6 5. Nf3 e6 6. c4 bxa4 7. c5 d6 8. d4 dxc5
9. bxc5 Nf6 10. Nbd2 Nbd7 11. Bd3 Nxc5 12. Bxh7 Rxh7 13. dxc5 Bxc5 14. Qc2 Rh5
15. Rxa4 Be7 16. Be5 c5 17. O-O Bxf3 18. Nxf3 g6 19. Rfa1 Qb6 20. Ra5 Nd7 21.
Qa4 f6 22. Bc3 Rd5 23. Rxa6 Rxa6 24. Qxa6 Qxa6 25. Rxa6 Rd1+ 26. Be1 Ne5 27.
Ra8+ Bd8 28. Kf1 Nxf3 29. gxf3 Ke7 30. f4 f5 31. Ke2 Rd7 32. Bc3 Kf7 33. Rc8
Rd5 34. f3 Ke7 35. e4 fxe4 36. fxe4 Rh5 37. Bf6+ Kxf6 38. Rxd8 Rxh2+ 39. Kd3
Ke7 40. Rc8 Rh3+ 1/2-1/2

[Event "PCR_ZK06"]
[Site "?"]
[Date "2009.??.??"]
[Round "?"]
[White "Kubacek, Josef"]
[Black "Vins, Karel"]
[Result "1/2-1/2"]
[WhiteElo "1600"]
[BlackElo "1703"]
[PlyCount "72"]
[EventDate "2009.??.??"]
[EventType "corr"]
[EventRounds "2"]

1. b4 d5 2. Bb2 b6 3. d4 Bb7 4. e3 e6 5. a3 f5 6. Nf3 Be7 7. c4 Nd7 8. c5 c6 9.
cxb6 axb6 10. Qc2 g5 11. h3 h5 12. Bd3 Nh6 13. Nbd2 Rg8 14. Ng1 b5 15. f3 h4
16. Ne2 Nf8 17. e4 dxe4 18. fxe4 f4 19. e5 Qd7 20. Nf1 Bd8 21. Be4 Bb6 22. Rc1
Rc8 23. Bf3 Nf5 24. Qe4 Ne7 25. Rd1 Nd5 26. Nc3 Ng6 27. Bh5 Qg7 28. Nxd5 cxd5
29. Qxg6+ Qxg6 30. Bxg6+ Rxg6 31. Rd2 Rg7 32. Kd1 Bd8 33. Nh2 Rc6 34. Rf1 Bc8
35. Rff2 Rgc7 36. Rc2 Rc4 1/2-1/2

[Event "PCR_ZK06"]
[Site "?"]
[Date "2009.??.??"]
[Round "?"]
[White "Kubacek, Josef"]
[Black "Vlacil, Vladimir"]
[Result "0-1"]
[WhiteElo "1600"]
[BlackElo "1987"]
[PlyCount "36"]
[EventDate "2009.??.??"]
[EventType "corr"]
[EventRounds "2"]

1. b4 e5 2. Bb2 Bxb4 3. Bxe5 Nf6 4. c4 O-O 5. e3 Re8 6. Bb2 d5 7. Ne2 dxc4 8.
Qa4 Nc6 9. a3 Ba5 10. Qxc4 Bf5 11. Nec3 Ne5 12. Qa4 c6 13. d4 Qb6 14. Bc1 Bxb1
15. Bd2 Nd3+ 16. Bxd3 Bxd3 17. Rc1 Rad8 18. Qd1 Qxd4 0-1

[Event "PCR_ZK06"]
[Site "?"]
[Date "2009.??.??"]
[Round "?"]
[White "Lucan, Zdenko"]
[Black "Kubacek, Josef"]
[Result "0-1"]
[WhiteElo "1587"]
[BlackElo "1600"]
[PlyCount "42"]
[EventDate "2009.??.??"]
[EventType "corr"]
[EventRounds "2"]

1. Nc3 f5 2. e4 e5 3. exf5 Nf6 4. Be2 d5 5. Nf3 Nc6 6. Nh4 Be7 7. g4 Nxg4 8.
Bxg4 Bxh4 9. d3 O-O 10. Qf3 Nd4 11. Qd1 Bxf5 12. Bxf5 Rxf5 13. Be3 Nf3+ 14. Kf1
d4 15. Ne4 dxe3 16. Qe2 exf2 17. Nxf2 Nd4 18. Qd2 Rxf2+ 19. Qxf2 Bxf2 20. Kxf2
Qh4+ 21. Kg2 Qg4+ 0-1